Beniaminkowie Ekstraklasy 2010/11-2025/26 - Statistics

General Stats
  • This quiz has been taken 25 times
  • The average score is 25 of 38
Answer Stats
Hint Answer % Correct
16/17 Arka Gdynia
95%
25/26 Arka Gdynia
95%
24/25 Motor Lublin
89%
16/17 Wisła Płock
84%
25/26 Wisła Płock
84%
24/25 Lechia Gdańsk
79%
11/12 Łks Łódź
79%
19/20 Łks Łódź
79%
23/24 Łks Łódź
79%
23/24 Ruch Chorzów
79%
10/11 Górnik Zabrze
74%
17/18 Górnik Zabrze
74%
19/20 Raków Częstochowa
74%
10/11 Widzew Łódź
74%
22/23 Widzew Łódź
74%
15/16 Zagłębie Lubin
74%
22/23 Korona Kielce
68%
18/19 Miedź Legnica
68%
22/23 Miedź Legnica
68%
12/13 Pogoń Szczecin
68%
21/22 Radomiak Radom
68%
15/16 Bruk-Bet Termalica Nieciecza
63%
21/22 Bruk-Bet Termalica Nieciecza
63%
25/26 Bruk-Bet Termalica Nieciecza
63%
13/14 Cracovia
63%
12/13 Piast Gliwice
63%
20/21 Stal Mielec
63%
24/25 Gks Katowice
58%
23/24 Puszcza Niepołomice
58%
18/19 Zagłębie Sosnowiec
58%
20/21 Warta Poznań
53%
14/15 Gks Bełchatów
47%
13/14 Zawisza Bydgoszcz
47%
14/15 Górnik Łęczna
42%
21/22 Górnik Łęczna
42%
17/18 Sandecja Nowy Sącz
42%
11/12 Podbeskidzie Bielsko Biała
37%
20/21 Podbeskidzie Bielsko Biała
37%
No matching quizzes found
Score Distribution
Percent of People with Each Score
Percentile by Number Answered
Your Score History
You have not taken this quiz